00716nam a22002417a 45000010005000000030006000050050017000110080041000280200018000690400029000870500008001161000020001242450050001442500034001942600031002283000049002594900038003085050008003465210029003545210020003837000037004037000034004408066FISKH20250820111952.0250820b cb ||||| |||| 00| 0 eng d a9788956353982 aFISKHbengcFISKHdFISKH aPZ7 aGrimm, Brother  aThe spirit in the bottle / cBy Brother Grimm aFirst published by XACT, 2009 aSeoul :be-future ,c2009. a26 pages : bcolor illustrations ;c20 cm .  aMy First Classic ReadersvLevel 3 aI 8 a450 bLexile estimate 8 aI bRaz-Plus  aWilburn, Jason eSeries Editors  aBosiak, Ian eSeries Editors